00486nam a22001817a 45000010008000000030009000080050017000170070008000340080046000420200015000880400022001030820017001251000016001422450064001582600032002223000027002547000023002810005286DO-SdBNP20180124085022.00005286151119b 1988 nyu ||||| |||| 00| 0 spa d a0140328726 aBPMSUbspacBPMSU axxxxxbxxxxx1 aDahl, Roald10aFantastic Mr. Fox /cRoald Dahl ; illustrated by Tony Ross. aNew York : bKnopf, c1988 a90 p. :bil ;c24 cm. 12aRoss, Tony, eil.